000 01049nam a22003257a 4500
001 BR8002692
003 BR-BrBNA
005 20230928090612.0
007 ta
008 230509b bl.||||| |||| 00| 0 por d
040 _aBR-BrBNA
_bpor
_cBiblioteca Nacional de Agricultura
041 _a(Eng)
072 _aP05; F00; E10
_b8961
090 _ 8961 BR8002692
110 1 _aInstituto de Pesquisas Tecnologicas, Sao Paulo, sp (Brasil)
_96224
111 1 _a4. International Symposium on Alcohol Fuels Technology
_cGuaruja, SP (Brazil)
_d5 Oct 1980
245 1 _aProceedings of the 4. International Symposium on Alcohol Fuels Technology [Recurso energetico; Alcool; Combustivel]
260 3 _aSao Paulo, SP (Brasil):
_c1980.
300 _av. 1-3
650 _aRecurso energetico
650 _aProducao vegetal
650 _aMacroeconomia
650 _aAlcool
650 _aCombustivel
650 _aEnergia
650 _aIndustrializacao
650 _aDesenvolvimento economico
909 _a202309
_bLucia
_c55
_dLucia Elande
942 _cBK
999 _c29582
_d29582